Dinosaurier-Quiz - Statistiken

Allgemein
  • Dieses Quiz wurde 301 mal gespielt
  • Das Durchschnittsergebnis liegt bei 10 aus 20
Antwortstatistiken
Pytanie Antwort % Korrekt
Drei geologische Perioden, in denen Dinosaurier existierten Kreide
90%
Drei geologische Perioden, in denen Dinosaurier existierten Jura
86%
Welches prähistorische Raubtier erscheint in fast jedem Teil der Jurassic Park-Filmreihe als Hauptraubtier? Tyrannosaurus
83%
Ein Dinosaurier, dessen Name sich von den griechischen Wörtern für „drei“, „Horn“ und „Gesicht“ ableitet. Triceratops
80%
Eine kleine Dinosaurierart, die der Hauptgegner in „Jurassic Park“ war Velociraptor
64%
Fiktives dinosaurierähnliches Wesen, das im Film von 1954 Tokio zerstörte. Godzilla
63%
Was hatte dieser Dinosaurier im wirklichen Leben an seinem Körper, was im Film nicht zu sehen war? Federn
62%
Einige Dinosaurier sind nicht ausgestorben und haben bis heute überlebt. Wie nennen wir sie? Vögel
62%
Das Land, in dem die meisten Dinosaurierfossilien gefunden wurden Vereinigte Staaten
60%
Ein Dinosaurier, der für die vertikalen Knochenplatten auf seinem Rücken bekannt ist. Stegosaurus
57%
Drei geologische Perioden, in denen Dinosaurier existierten Trias
57%
Wann sind die Dinosaurier ausgestorben? vor {66} Millionen Jahren
47%
Der Wissenschaftszweig, der sich mit Dinosauriern und anderen prähistorischen Fossilien befasst. Paläontologie
37%
Eine Gruppe gigantischer Dinosaurier, zu denen der Brachiosaurus und der Diplodocus gehörten. Sauropoden
37%
Die Halbinsel, auf der der Asteroid Chicxulub landete – viele glauben, er sei für das Aussterben der Dinosaurier verantwortlich gewesen Yukatan
29%
Ein Kontinent, der vor 200 Millionen Jahren fast die gesamte Landmasse der Erde bedeckte Pangäa
28%
Kreaturen, die gemeinhin als fliegende Dinosaurier gelten,obwohl sie technisch gesehen keine Dinosaurier waren Flugsaurier
25%
Ein Dinosaurier, der seinen Namen von seinen leguanähnlichen Zähnen erhielt Iguanodon
22%
Ein Dinosaurier, dessen Name „donnernde Echse“ bedeutet? Brontosaurus
21%
Ein Dinosaurier, von dem einige Wissenschaftler glauben, dass er mit dem oben abgebildeten identisch ist Apatosaurus
11%
Keine übereinstimmenden Quizze gefunden
Verteilung der Resultate
Anzahl Personen mit jedem Resultat
Perzentil nach korrekt beantworteten Fragen
Ihre Resultats-Entwicklung
Sie haben dieses Quiz noch nicht gespielt